000 01127nam a22001695a 4500
001 in503492342
005 20260130084133.0
008 260130s2026 |||| ||| ||||||||||||
020 _a9781668002964
_c$29.00
020 _a1668002965
_c$29.00
082 0 0 _a813.6
100 1 _aDave, Laura
_955134
245 1 4 _aThe First Time I Saw Him (a Reese Witherspoon Book Club Pick)
260 _bScribner Book Company
_c20260106
264 _bScribner Book Company
_c20260106
520 _a"Five years after her husband Owen disappeared, Hannah Hall and her stepdaughter Bailey have settled into a new life in Southern California. Together, they've forged a relationship with Bailey's grandfather Nicholas and are putting the past behind them. But when Owen shows up at Hannah's new exhibition, she knows that she and Bailey are in danger again. Hannah and Bailey are forced to go on the run in a relentless race to keep their past from catching up with them. As a thrilling drama unfolds, Hannah risks everything to get Bailey to safety--and finds there just might be a way back to Owen and their long-awaited second chance"--
999 _c415185
_d415185